| 000 | 00394nam a2200145Ia 4500 | ||
|---|---|---|---|
| 005 | 20251222153648.0 | ||
| 008 | 251222s9999||||xx |||||||||||||| ||spa|| | ||
| 020 | _a9789972883255 | ||
| 082 | _a155.904.2/M86 | ||
| 100 | _aMorales Miranda, Carmen | ||
| 245 | 0 | _aTrauma Psíquico y Trastornos de Estrés Post-Traumático | |
| 250 | _a1ra. ed. | ||
| 264 | _bEdiciones Libro Amigo | ||
| 942 | _cLIB | ||
| 999 |
_c33003 _d33003 |
||